000 01282nam a2200301Ia 4500
001 Z_5498
008 220601s9999 xx 000 0 und d
020 _a84-315-3356-0
082 _a636.0896 D47
100 _aDesachy, Florence
_9182420
245 _aLas zoonosis: transmisión de las enfermedades de los animales al ser humano / Florence Desachy; traducción Joan Artés Morata
260 _aEspaña : De Vecchi
300 _a174 p.
500 _aEn portada: Identificación de las patologías más comunes. Diagnóstico, tratamiento, prevención y cura de las enfermedades con fichas explicativas. \ Fotografía de la cubierta: Labat / Cogis \ Fotografías del interior: Philips Rocher salvo donde se indica otra procedencia \ Clasificación LC: RA10.P252
503 _aej.1: C/E
650 _a1. Zoonosis
650 _aenfermedades transmisibles
_9142881
650 _aenfermedades transmisibles en los animales
_9142882
650 _aZoonoses
_9142883
650 _aCommunicable diseases
_9142879
650 _aCommunicable diseases in animals
_9142880
700 _aArtés Morata, Joan, tr.Ì
_9182422
901 _a636.0896 D47
902 _aM
905 _a3032272006 sp dn 8000000300spa00
942 _c1
999 _c216972
_d216972